[Event "ICS rated blitz match"]
[Site "204.178.125.65"]
[Date "1999.10.03"]
[Round "?"]
[White "Hossa"]
[Black "kasparov4"]
[Result "1-0"]
[WhiteElo "2425"]
[BlackElo "2138"]
[PlyCount "103"]
[EventDate "1999.??.??"]

1. c4 Nf6 2. Nc3 e6 3. d4 Bb4 4. Bg5 h6 5. Bxf6 Bxc3+ 6. bxc3 Qxf6 7. Nf3 d5 8.
e3 dxc4 9. Bxc4 Nd7 10. O-O Nb6 11. Ne5 O-O 12. Bd3 Rd8 13. Qh5 c5 14. Rfb1
cxd4 15. cxd4 Nd5 16. Be4 Nc3 17. Bxb7 Rb8 18. Rb3 Rxb7 19. Rxc3 Rb2 20. f3 Bb7
21. Rc7 Rf8 22. Rac1 Qd8 23. Rxf7 Rxf7 24. Qxf7+ Kh7 25. Qg6+ Kg8 26. Qxe6+ Kh7
27. Qg6+ Kg8 28. Qf7+ Kh7 29. Qh5 Qf6 30. Ra1 Re2 31. Nd7 Qe7 32. Qf5+ Kg8 33.
e4 Qb4 34. Qe6+ Kh7 35. Kf1 Qb2 36. Nf6+ gxf6 37. Qf7+ Kh8 38. Qxf6+ Kh7 39.
Qf7+ Kh8 40. Qf8+ Kh7 41. Qe7+ Kh8 42. Qe5+ Kh7 43. Qc7+ Kh8 44. Qd8+ Kh7 45.
Qe7+ Kh8 46. Qh4 Rxg2 47. Qxh6+ Kg8 48. Qe6+ Kh8 49. Qh3+ Kg8 50. Qxg2+ Qxg2+
51. Kxg2 Kf7 52. Rc1 {kasparov4 resigns} 1-0

[Event "ICS rated blitz match"]
[Site "204.178.125.65"]
[Date "1999.09.27"]
[Round "?"]
[White "Hossa"]
[Black "kasparov4"]
[Result "1-0"]
[WhiteElo "2479"]
[BlackElo "2183"]
[PlyCount "73"]
[EventDate "1999.??.??"]

1. d4 g6 2. e4 d6 3. Bb5+ c6 4. Bc4 e6 5. Ne2 Bg7 6. O-O Ne7 7. Bg5 d5 8. Bd3
h6 9. Bxe7 Qxe7 10. c4 O-O 11. Nbc3 a6 12. cxd5 cxd5 13. exd5 Qd6 14. Qb3 Rd8
15. Rac1 Nd7 16. dxe6 fxe6 17. Bxg6 Nf6 18. Ng3 b5 19. Nf5 Qf8 20. Ne2 Nd5 21.
Nxg7 Qxg7 22. Be4 Bb7 23. Qh3 Rac8 24. Qxe6+ Kh8 25. Rfe1 Nf6 26. Bxb7 Rb8 27.
Bxa6 Re8 28. Qf5 Rbd8 29. Bxb5 Rd5 30. Qxd5 Nxd5 31. Bxe8 Qg5 32. Bf7 Kg7 33.
h4 Qf5 34. Bxd5 Qxd5 35. Nf4 Qf5 36. Rc7+ Kf6 37. Re6+ {kasparov4 resigns} 1-0

[Event "ICS rated blitz match"]
[Site "204.178.125.65"]
[Date "1999.10.04"]
[Round "?"]
[White "Hossa"]
[Black "kasparov4"]
[Result "0-1"]
[WhiteElo "2374"]
[BlackElo "2194"]
[PlyCount "111"]
[EventDate "1999.??.??"]

1. d4 Nf6 2. c4 c5 3. d5 b5 4. cxb5 a6 5. Nc3 axb5 6. e4 Qa5 7. Bxb5 Nxe4 8.
Nge2 g6 9. Bd3 Nxc3 10. bxc3 Bg7 11. O-O d6 12. Bg5 h6 13. Bd2 O-O 14. Qc1 Kh7
15. Re1 Nd7 16. Nf4 Ne5 17. Bb1 Nc4 18. Ne2 Bb7 19. Bf4 Bxd5 20. Rd1 e6 21. Bc2
Rfb8 22. Rd3 Qa3 23. Rh3 Qxc1+ 24. Nxc1 e5 25. Bg3 Rb2 26. Bb3 Nb6 27. Bd1 Ra3
28. Bh4 e4 29. Ne2 Bc4 30. Bd8 Nd5 31. Nc1 Nxc3 32. g4 Bd4 33. g5 Rxf2 34. Nd3
Rfxa2+ 35. Kh1 Rxa1 36. Nb2 Nxd1 37. Rxa3 Ne3+ 38. Rxa1 Bxb2 39. Ra4 hxg5 40.
Bxg5 Bd4 41. Bxe3 Bxe3 42. Rxc4 d5 43. Rc3 d4 44. Rxc5 f5 45. h4 d3 46. Rc8 f4
47. Re8 d2 48. Rd8 f3 49. Rd5 Bf4 50. h5 gxh5 51. Rxh5+ Kg6 52. Rd5 e3 53. Rd4
e2 54. Rxf4 e1=Q+ 55. Kh2 d1=Q 56. Rg4+ {Hossa resigns} 0-1

[Event "ICS rated blitz match"]
[Site "204.178.125.65"]
[Date "1999.10.04"]
[Round "?"]
[White "Hossa"]
[Black "kasparov4"]
[Result "1-0"]
[WhiteElo "2344"]
[BlackElo "2224"]
[PlyCount "119"]
[EventDate "1999.??.??"]

1. e4 Nf6 2. e5 Nd5 3. c4 Nb6 4. d4 d6 5. exd6 exd6 6. Nf3 Bg4 7. Be2 Nc6 8. d5
Bxf3 9. Bxf3 Ne5 10. Be2 Qh4 11. Nd2 O-O-O 12. O-O g5 13. g3 Qh6 14. a4 f5 15.
a5 Nbd7 16. a6 b6 17. Re1 Bg7 18. Ra3 Qf6 19. Qc2 h5 20. Nf3 f4 21. Nd4 fxg3
22. fxg3 h4 23. Rf1 Qe7 24. Ne6 hxg3 25. Rxg3 Rdg8 26. Qf5 Bh6 27. b4 g4 28.
Bxh6 Rxh6 29. Rg2 Rf6 30. Qe4 Rxf1+ 31. Kxf1 Re8 32. b5 Kb8 33. Kg1 Qh4 34. Kh1
Nf6 35. Qe3 Nf3 36. Bxf3 gxf3 37. Qxf3 Qxc4 38. Qxf6 Qxd5 39. h3 Qxb5 40. Qf7
Qc6 41. Kh2 Rc8 42. Rg7 Qc2+ 43. Kg3 Qd3+ 44. Kh4 Rh8+ 45. Kg5 Qg3+ 46. Kf6
Qh4+ 47. Ng5 Qf2+ 48. Kg6 Qc2+ 49. Qf5 Rh6+ 50. Kxh6 Qxf5 51. Rg8+ Qc8 52.
Rxc8+ Kxc8 53. h4 b5 54. h5 c5 55. Kg6 b4 56. h6 b3 57. h7 b2 58. h8=Q+ Kc7 59.
Qxb2 Kc6 60. Qb7# {kasparov4 checkmated} 1-0

[Event "ICS rated blitz match"]
[Site "204.178.125.65"]
[Date "1999.10.07"]
[Round "?"]
[White "Hossa"]
[Black "kasparov4"]
[Result "1-0"]
[WhiteElo "2478"]
[BlackElo "2213"]
[PlyCount "91"]
[EventDate "1999.??.??"]

1. e4 c5 2. Nf3 Nc6 3. d4 cxd4 4. Nxd4 Nf6 5. Nc3 d6 6. Bg5 e6 7. Qd2 a6 8.
O-O-O Bd7 9. Nde2 h6 10. Bxf6 Qxf6 11. Nf4 Rc8 12. g3 Ne5 13. Be2 Bc6 14. Qd4
Nd7 15. Qxf6 Nxf6 16. Bf3 Be7 17. Rhe1 b5 18. Rd2 b4 19. Nd1 a5 20. Nh5 Nxh5
21. Bxh5 g6 22. Be2 Kd7 23. e5 Rhd8 24. exd6 Bxd6 25. c4 Kc7 26. Ne3 a4 27.
Red1 h5 28. b3 a3 29. Nc2 Be4 30. Nd4 Be5 31. f4 Bf6 32. Nb5+ Kc6 33. Na7+ Kc7
34. Nxc8 Bb2+ 35. Rxb2 axb2+ 36. Kxb2 Rxc8 37. a3 bxa3+ 38. Kxa3 Ra8+ 39. Kb2
f6 40. Re1 Bf5 41. Bf3 Rd8 42. Re2 Rd7 43. Rf2 Kb6 44. b4 Rd3 45. c5+ Kb5 46.
Be2 {kasparov4 resigns} 1-0

[Event "ICS rated blitz match"]
[Site "204.178.125.65"]
[Date "1999.10.17"]
[Round "?"]
[White "Hossa"]
[Black "kendo"]
[Result "1-0"]
[WhiteElo "2505"]
[BlackElo "2298"]
[PlyCount "85"]
[EventDate "1999.??.??"]

1. e4 c5 2. Nf3 e6 3. d4 cxd4 4. Nxd4 a6 5. Bd3 Qc7 6. Nf3 Nc6 7. Nc3 Nf6 8.
O-O d6 9. Bg5 Be7 10. Qe2 O-O 11. Qd2 Re8 12. Rfd1 b6 13. Bc4 Bb7 14. Bxf6 gxf6
15. Qf4 Ne5 16. Be2 Kh8 17. Nxe5 dxe5 18. Qh6 Rg8 19. Bh5 Bf8 20. Qxf6+ Rg7 21.
Rd3 Be7 22. Qf3 f5 23. Qe2 f4 24. Rad1 Bc6 25. Bf3 Rag8 26. R3d2 Bc5 27. Qxa6
Ra8 28. Qe2 Bd4 29. Qc4 Qd7 30. Ne2 Bb5 31. Qb3 Bxe2 32. Bxe2 Rag8 33. Bf3 Qc7
34. a3 Rc8 35. c3 Bc5 36. Qxe6 Rf8 37. Rd5 Re7 38. Qh6 Ree8 39. Rd7 Bxf2+ 40.
Kxf2 Qc5+ 41. R1d4 Qxd4+ 42. cxd4 Rf7 43. Rxf7 {kendo resigns} 1-0

[Event "ICS rated blitz match"]
[Site "204.178.125.65"]
[Date "1999.09.01"]
[Round "?"]
[White "Hossa"]
[Black "ketchbee"]
[Result "1-0"]
[WhiteElo "2505"]
[BlackElo "2178"]
[PlyCount "87"]
[EventDate "1999.??.??"]

1. e4 e5 2. Nf3 Nc6 3. Bb5 a6 4. Ba4 Nf6 5. O-O Be7 6. Re1 b5 7. Bb3 O-O 8. c3
d5 9. exd5 Nxd5 10. Nxe5 Nxe5 11. Rxe5 c6 12. Bxd5 cxd5 13. d4 Bd6 14. Re3 Qh4
15. h3 f5 16. Qb3 Bb7 17. Qd1 f4 18. Re6 Rad8 19. Nd2 Bc8 20. Nf3 Qh5 21. Re1
g5 22. a4 g4 23. Ne5 f3 24. hxg4 Bxg4 25. axb5 Rf5 26. Ra4 axb5 27. Rb4 Re8 28.
Nxg4 Qxg4 29. Rxe8+ Kf7 30. Qf1 Kxe8 31. Qxb5+ Kf7 32. g3 Qh3 33. Qf1 Qxf1+ 34.
Kxf1 Bxb4 35. cxb4 Rh5 36. Kg1 Ke6 37. b5 Kd6 38. Bf4+ Kd7 39. b4 Kc8 40. Bd6
Kb7 41. Bc5 Rh6 42. Bf8 Rh3 43. Bc5 Rh4 44. gxh4 {ketchbee resigns} 1-0

[Event "ICS rated blitz match"]
[Site "204.178.125.65"]
[Date "1999.09.22"]
[Round "?"]
[White "Hossa"]
[Black "kickinnuts"]
[Result "1-0"]
[WhiteElo "2206"]
[BlackElo "1991"]
[PlyCount "83"]
[EventDate "1999.??.??"]

1. d4 c6 2. e4 d5 3. Nd2 dxe4 4. Nxe4 Bf5 5. Ng3 Nf6 6. Nxf5 Qa5+ 7. Bd2 Qxf5
8. Nf3 Nbd7 9. Bd3 Qh5 10. O-O e6 11. c3 Bd6 12. Qb3 O-O 13. Qxb7 c5 14. Qa6
Bc7 15. Qc6 Rac8 16. Qb7 Bb8 17. Bb5 Rc7 18. Qa6 cxd4 19. cxd4 Nb6 20. Bf4 Rc2
21. Bxb8 Rxb8 22. Qxa7 Nbd7 23. Bxd7 Nxd7 24. Qxd7 g5 25. b3 g4 26. Ne5 Rd2 27.
Qd6 Rc8 28. Nc4 Re2 29. Rfe1 Rxe1+ 30. Rxe1 Qg5 31. a3 h5 32. Rb1 h4 33. Qe5
Qg6 34. Rc1 Rd8 35. Nd6 Qh6 36. Rc2 Ra8 37. a4 Rb8 38. Nxf7 Kxf7 39. Qc7+ Kg6
40. Qxb8 g3 41. hxg3 Qf8 42. Qxf8 {kickinnuts resigns} 1-0

[Event "ICS rated blitz match"]
[Site "204.178.125.65"]
[Date "1999.09.24"]
[Round "?"]
[White "Hossa"]
[Black "kidza"]
[Result "1-0"]
[WhiteElo "2444"]
[BlackElo "2074"]
[PlyCount "97"]
[EventDate "1999.??.??"]

1. e4 e5 2. Be2 Bc5 3. Nf3 Nc6 4. O-O Nf6 5. d3 d5 6. exd5 Nxd5 7. Nxe5 Nxe5 8.
d4 Bd6 9. dxe5 Bxe5 10. Re1 O-O 11. Bf3 Qd6 12. Qxd5 Bxh2+ 13. Kh1 Qxd5 14.
Bxd5 c6 15. Bxc6 bxc6 16. Kxh2 Rb8 17. Nc3 Bf5 18. Re7 Bxc2 19. Rxa7 Rfe8 20.
Kg3 Re1 21. Rd7 Bf5 22. Rd6 Rc8 23. Kf4 Be6 24. b3 Rf1 25. f3 Rf2 26. g4 g5+
27. Ke3 Rf1 28. Ne4 Bd5 29. Ke2 Rh1 30. Nxg5 Rh2+ 31. Kd3 Re8 32. Bf4 Ree2 33.
Bxh2 Rxh2 34. Rd8+ Kg7 35. Ne4 Rh3 36. Ke3 Be6 37. Ng5 Rh2 38. Nxe6+ fxe6 39.
Rd6 Rc2 40. Rxe6 Kf7 41. Rh6 Kg7 42. Rah1 Rxa2 43. Rxh7+ Kf6 44. R1h6+ Ke5 45.
Rd7 Re2+ 46. Kxe2 Kf4 47. Kf2 c5 48. Rh5 c4 49. Rf5# {kidza checkmated} 1-0

[Event "ICS rated blitz match"]
[Site "204.178.125.65"]
[Date "1999.09.14"]
[Round "?"]
[White "Hossa"]
[Black "kleo"]
[Result "1-0"]
[WhiteElo "2348"]
[BlackElo "2158"]
[PlyCount "43"]
[EventDate "1999.??.??"]

1. e4 Nf6 2. e5 Nd5 3. d4 d6 4. Nf3 Nc6 5. Bb5 a6 6. Bxc6+ bxc6 7. O-O g6 8. c4
Nb6 9. c5 Nd5 10. exd6 cxd6 11. cxd6 Qxd6 12. Nbd2 Bg7 13. Ne4 Qc7 14. Ne5 O-O
15. Re1 Bb7 16. Nc5 Bc8 17. Nc4 Rd8 18. Bg5 f6 19. Bd2 Nb6 20. Ba5 Rb8 21. Nxb6
Rxb6 22. Na4 {kleo resigns} 1-0

[Event "ICS rated blitz match"]
[Site "204.178.125.65"]
[Date "1999.08.29"]
[Round "?"]
[White "Hossa"]
[Black "knightmare51"]
[Result "1-0"]
[WhiteElo "2479"]
[BlackElo "2193"]
[PlyCount "175"]
[EventDate "1999.??.??"]

1. e4 c6 2. d4 d5 3. Nd2 g6 4. c4 dxe4 5. Nxe4 Bg7 6. Ne2 Nf6 7. Nxf6+ Bxf6 8.
Bh6 Nd7 9. Qd2 e5 10. Qe3 Qe7 11. O-O-O exd4 12. Qxe7+ Kxe7 13. Nxd4 Nc5 14.
Nf3 Bg4 15. Be2 Rhd8 16. Rhe1 Rxd1+ 17. Bxd1+ Ne6 18. Be3 b6 19. h3 Bxf3 20.
Bxf3 Rc8 21. c5 b5 22. g4 Kf8 23. a3 a5 24. b4 axb4 25. axb4 Bc3 26. Bh6+ Kg8
27. Bd2 Bd4 28. Re2 Bg7 29. Be4 Nd4 30. Re1 f5 31. gxf5 gxf5 32. Bd3 Nb3+ 33.
Kc2 Nxd2 34. Kxd2 Rd8 35. Re6 Bd4 36. f4 Bf2 37. Rxc6 Be1+ 38. Kxe1 Rxd3 39.
Rc8+ Kf7 40. Rb8 Rd4 41. c6 Rc4 42. Rxb5 Rxc6 43. Rxf5+ Kg6 44. Rc5 Re6+ 45.
Kf2 Re4 46. f5+ Kg5 47. b5 Rb4 48. Re5 h5 49. Kg2 h4 50. Rc5 Rb3 51. Rd5 Kf6
52. Kh2 Kg5 53. Rc5 Kf6 54. Rc6+ Kxf5 55. b6 Kf4 56. Rg6 Rb2+ 57. Kg1 Rb1+ 58.
Kg2 Rb2+ 59. Kf1 Kf3 60. Ke1 Ke3 61. Kd1 Kd3 62. Kc1 Rb4 63. Rf6 Ke3 64. Kc2
Rb5 65. Kc3 Ke4 66. Kc4 Rb2 67. Re6+ Kf3 68. Kc5 Kg3 69. Re3+ Kf2 70. Rc3 Kg2
71. Kc6 Kh2 72. b7 Rb4 73. Kc7 Rb1 74. b8=Q Rxb8 75. Kxb8 Kg2 76. Kc7 Kh2 77.
Rc5 Kg2 78. Kd6 Kh2 79. Rh5 Kg2 80. Rxh4 Kh2 81. Ke5 Kg3 82. Rf4 Kxh3 83. Kf5
Kg3 84. Kg5 Kg2 85. Kg4 Kh2 86. Kf3 Kh3 87. Kf2 Kh2 88. Rh4# {
knightmare51 checkmated} 1-0

[Event "ICS rated blitz match"]
[Site "204.178.125.65"]
[Date "1999.09.01"]
[Round "?"]
[White "Hossa"]
[Black "knightmare51"]
[Result "1-0"]
[WhiteElo "2512"]
[BlackElo "2273"]
[PlyCount "51"]
[EventDate "1999.??.??"]

1. d4 f6 2. e4 g6 3. Bb5 c6 4. Bd3 d5 5. Ne2 Bh6 6. Bxh6 Nxh6 7. exd5 cxd5 8.
c4 O-O 9. cxd5 Qxd5 10. O-O Bf5 11. Nbc3 Qf7 12. Qd2 Kg7 13. Rac1 Bxd3 14. Qxd3
e6 15. Qe4 Nc6 16. Nf4 Rfe8 17. Rfe1 Nf5 18. Nxe6+ Rxe6 19. Qxe6 Qxe6 20. Rxe6
Ncxd4 21. Re4 h5 22. Nd5 Nc6 23. Nf4 Nfd4 24. Rc4 Nb5 25. Rc5 Rd8 26. Ne6+ {
knightmare51 resigns} 1-0

[Event "ICS rated blitz match"]
[Site "204.178.125.65"]
[Date "1999.09.16"]
[Round "?"]
[White "Hossa"]
[Black "knightmare51"]
[Result "1-0"]
[WhiteElo "2414"]
[BlackElo "2178"]
[PlyCount "54"]
[EventDate "1999.??.??"]

1. Nf3 d6 2. d4 g6 3. e4 Bg7 4. Bc4 a6 5. O-O b5 6. Bd3 Bb7 7. Bg5 h6 8. Bf4 g5
9. Bg3 g4 10. Nh4 h5 11. Nf5 Bf8 12. Nd2 Nh6 13. Nxh6 Bxh6 14. Nb3 Nd7 15. Na5
Qb8 16. a4 b4 17. c3 e5 18. Qb3 O-O 19. Qxb4 Ra7 20. Nxb7 Rxb7 21. Qc4 Rxb2 22.
Qxa6 Qb3 23. Qc6 Qe6 24. Qxc7 exd4 25. Bxd6 Rfb8 26. cxd4 Nf6 27. d5 27... Qd7
{knightmare51 resigns} 1-0

[Event "ICS rated blitz match"]
[Site "204.178.125.65"]
[Date "1999.09.18"]
[Round "?"]
[White "Hossa"]
[Black "ktolik"]
[Result "1-0"]
[WhiteElo "2499"]
[BlackElo "2223"]
[Annotator "Fritz 5.32 (20s)"]
[PlyCount "41"]
[EventDate "1999.??.??"]

1. e4 1... c5 {Opening = B33 - 3.d4 cd4 4.Nd4 Nf6} 2. d4 cxd4 3. Nf3 Nc6 4.
Nxd4 Nf6 5. Nxc6 bxc6 6. Bd3 e5 7. O-O Bc5 (7... Be7 8. Nd2 O-O 9. Nc4 d6 10.
f4 exf4 11. Bxf4 Be6 12. e5 dxe5 13. Nxe5 Qb6+ 14. Kh1 Rad8 15. Qf3 Bd5 16. Qh3
Be4 17. Nc4 Qc5 18. Be3 Qd5 19. Be2 Bxc2 20. Rac1 Bg6 21. Bxa7 Ne4 22. Be3 {
Velasquez Ojeda,C-Llorens,M/Santiago de Chile 1997/EXT 98/1-0 (40)}) 8. Nc3
$146 (8. Nd2 O-O 9. Qe2 Re8 10. Ba6 d5 11. Bxc8 Rxc8 12. Kh1 h6 13. f3 Nh5 14.
Nb3 Bb6 15. a4 a5 16. Bd2 Nf4 17. Qe1 Ra8 18. Rd1 Qc7 19. Nc1 Rad8 20. b3 Ne6
21. Nd3 Nd4 22. Qg3 22... Re6 {
Collas,D-Touzane,O/Cannes 1996/CBM 51 ext/0-1 (40)}) (8. Qf3 O-O 9. c4 Bd4 10.
Nc3 Rb8 11. Ne2 Qb6 12. Bg5 c5 13. Nxd4 cxd4 14. b4 Qe6 15. Rab1 Bb7 16. h3 Ne8
17. Qe2 h6 18. Bd2 g5 19. h4 f6 20. b5 d6 21. c5 Kg7 22. c6 22... Bc8 {
Holzer,G-Schirmbeck,H/Austria 1996/EXT 98/1-0 (46)}) (8. Qe2 Rb8 9. b3 Bd4 10.
c3 Bc5 11. b4 Bb6 12. Nd2 d6 13. Nc4 Bg4 14. Qe1 Bc7 15. Be3 O-O 16. f3 Be6 17.
Bxa7 Ra8 18. Be3 d5 19. exd5 cxd5 20. Nd2 d4 21. cxd4 Ra3 22. Bc4 Bb6 23. Bb3
Nd5 24. Nc4 Nxe3 25. Nxe3 Bxd4 26. Rb1 Qb6 27. Kf2 Bxb3 28. Rxb3 Rxb3 29. axb3
29... f5 {0-1 Nissi,J-Fastberg,J/FIN 1991/EXT 97 (29)}) 8... O-O 9. Na4 Be7 10.
Re1 10... d6 {Kontrolliert c5} 11. Nc3 Be6 12. b3 {Befestigt c4} 12... Nd7 13.
Ba3 Qa5 14. Bb2 g6 15. Qd2 Qc7 16. Qh6 Bf6 17. Ba3 Bg7 18. Qd2 Rad8 19. Rad1
19... f5 $2 $18 (19... Nc5 $11 $142 {sieht noch spielbar aus}) 20. Bc4 Bxc4 21.
Bxd6 $1 {macht alles klar. . .} (21. Bxd6 Qa5 22. Bxf8 (22. bxc4 Nb6 23. Nd5
Qxd2 24. Rxd2 Nxc4 25. Bxf8 25... Kxf8 $17) 22... Bxf8 23. bxc4 $18) (21. bxc4
$6 21... Nc5 $11) 1-0

[Event "ICS rated blitz match"]
[Site "204.178.125.65"]
[Date "1999.09.18"]
[Round "?"]
[White "Hossa"]
[Black "ktolik"]
[Result "1-0"]
[WhiteElo "2509"]
[BlackElo "2199"]
[Annotator "Fritz 5.32 (20s)"]
[PlyCount "30"]
[EventDate "1999.??.??"]

1. e4 1... c5 {Opening = B21 - 2.f4 / 2.d4} 2. d4 cxd4 3. Nf3 e5 4. c3 Nc6 5.
cxd4 exd4 6. Nxd4 Bb4+ 7. Nc3 (7. Bd2 Qe7 8. Nb5 d5 9. Bxb4 Nxb4 10. a3 Na6 11.
Qxd5 Nf6 12. Nd6+ Kf8 13. Qd4 Nxe4 14. Nxe4 f5 15. Bxa6 bxa6 16. O-O Qxe4 17.
Qd6+ Qe7 18. Qd5 Rb8 19. Nc3 Be6 20. Qe5 Kf7 21. Nd5 21... Rb5 {
Leon Rodriguez,O-Barua,D/Andorra 1997/CBM 58 ext/ - (37)}) 7... Qe7 $146 (7...
d6 8. Be2 Nf6 9. Qd3 Ng4 10. O-O Nce5 11. Qb5+ Bd7 12. Qxb4 Qc7 13. Nd5 Qb8 14.
h3 Nf6 15. Nxf6+ gxf6 16. Nb5 Bxb5 17. Bxb5+ Ke7 18. f4 Nc6 19. Bxc6 bxc6 20.
Qxb8 Raxb8 21. b3 Rhe8 22. Ba3 {
De Pender,G-Rijsterborgh,R/Hengelo 1995/EXT 98/1-0 (45)}) (7... Qa5 8. Nxc6
Bxc3+ 9. bxc3 Qxc3+ 10. Bd2 Qxc6 11. Bd3 Ne7 12. O-O O-O 13. Rc1 Qb6 14. Be3
Qd8 15. f4 d6 16. f5 Nc6 17. Rxc6 bxc6 18. Qg4 c5 19. Bh6 Qf6 20. Be3 Bd7 21.
Qe2 Rab8 22. Bc1 {Van der Sluijs,A-De Waal,J/Alkmaars 1985/EXT 99/0-1 (51)}) (
7... Nf6 8. Nxc6 bxc6 9. Qd4 Qe7 10. Bd3 Bc5 11. Qa4 Ng4 12. Nd1 O-O 13. O-O
13... Qd6 {0-1 Breja,S-Kriz,M/Bratislava 1994/EXT 99 (13)}) 8. f3 d5 9. Bb5 Bd7
10. O-O Bxc3 11. bxc3 {Sichert b4+d4.} 11... dxe4 12. fxe4 Nf6 (12... Qxe4 13.
Re1 Nf6 14. Ba3 Qxe1+ 15. Qxe1+ Kd8 16. Nxc6+ bxc6 17. Qe7+ Kc7 18. Qd6+ Kd8
19. Bxc6 Re8 20. Bxd7 Ne4 21. Qc6 Re5 22. Bh3 f5 23. Rd1+ Rd5 24. Rxd5+ Nd6 25.
Rxd6+ Ke7 26. Rd7+ Ke8 27. Qe6#) 13. Bxc6 13... Bxc6 $2 $18 (13... bxc6 $142 {
und Schwarz kann noch kaempfen} 14. Bg5 14... O-O $14 (14... Qxe4 $4 {
vergiftet...} 15. Re1 O-O 16. Rxe4 Nxe4 17. Bh4 $18)) 14. Nf5 (14. Nxc6 $6
14... bxc6 15. e5 15... Nd5 $11) 14... Qc5+ $2 (14... Qe5 15. Bf4 Qc5+ (15...
Qxc3 $4 {vergiftet...} 16. Qd6 Qd4+ 17. Qxd4 $18) 16. Be3 Qf8 (16... Qxc3 $4 {
Schwarz schlaegt einen vergifteten Bauern} 17. Qd6 Ng8 18. Bd4 Qxd4+ 19. Nxd4
$18) 17. Nd6+ 17... Kd8 $18) 15. Be3 {Es droht Matt} 15... Qf8 (15... Qxc3 16.
Qd6 $1 {ist die Ueberraschung!} 16... Ng8 17. Bd4 Qxd4+ 18. Nxd4 Ne7 19. Nf5
O-O 20. Qxe7 Kh8 21. Nxg7 Kxg7 22. Rf4 Bd7 23. Raf1 Kh8 24. Rxf7 Rxf7 25. Rxf7
Kg8 26. Qf6 Rd8 27. Qg7#) 1-0

[Event "ICS rated blitz match"]
[Site "204.178.125.65"]
[Date "1999.10.13"]
[Round "?"]
[White "Hossa"]
[Black "kyklop"]
[Result "1-0"]
[WhiteElo "2382"]
[BlackElo "2333"]
[PlyCount "211"]
[EventDate "1999.??.??"]

1. e4 d5 2. e5 c5 3. c3 Nc6 4. d4 cxd4 5. cxd4 e6 6. Nc3 Nge7 7. Nf3 Nf5 8. Bb5
Be7 9. O-O O-O 10. Be3 Qb6 11. Qd2 a6 12. Bd3 Nxe3 13. fxe3 Qa5 14. Qc2 g6 15.
Qa4 Qxa4 16. Nxa4 b5 17. Nb6 Rb8 18. Nxc8 Rfxc8 19. Rf2 Nb4 20. Ne1 Nxd3 21.
Nxd3 Rc7 22. Raf1 Bf8 23. Rf3 Rbb7 24. R1f2 Rc8 25. b4 Ra8 26. Rc2 a5 27. bxa5
Rxa5 28. Kf1 Kg7 29. Rff2 Ra3 30. Ke2 Rba7 31. Nc1 Bb4 32. Rf1 Bc3 33. h4 h5
34. Rf6 b4 35. g3 Rb7 36. Kf1 Ba1 37. Nb3 Bc3 38. Nc5 Rba7 39. Rff2 Kg8 40. Nb3
Kg7 41. Nc1 Kg8 42. Rf6 Kg7 43. Kg2 Kg8 44. Kf2 Kg7 45. Rf4 Kg8 46. Ke2 Kg7 47.
Rf2 Kg8 48. Rf6 Kg7 49. Kd1 Kg8 50. Rff2 Kg7 51. Nb3 Kg8 52. Nc5 Kg7 53. Rce2
Kg8 54. Kc1 Kg7 55. Kb1 Kg8 56. Rf1 Kg7 57. Rf6 Kg8 58. Nb3 Kg7 59. Nc1 Kg8 60.
Rc2 Kg7 61. Rg2 Kg8 62. Rf4 Kg7 63. Rc2 R3a6 64. Ne2 Ra3 65. Rf3 Be1 66. Nc1
Bc3 67. Rf1 Kg8 68. Ne2 Kg7 69. Rh1 Kg8 70. Rg1 Kg7 71. Nxc3 bxc3 72. Rf1 Rb7+
73. Kc1 Rc7 74. Rf6 Ra4 75. Kd1 Rac4 76. Ke2 Rb4 77. Kd3 Rb2 78. Rff2 Rb1 79.
Rxc3 Ra7 80. Rcc2 Ra1 81. Rfd2 Rg1 82. Rh2 Rxg3 83. Ke2 Rg1 84. Kf3 Ra1 85.
Rcf2 Rb1 86. Rhg2 Ra1 87. Kf4 Rb1 88. Kg3 Ra1 89. Rb2 Rb1 90. Rxb1 Ra6 91. Rf2
Ra3 92. Kf4 Rxe3 93. Kxe3 g5 94. hxg5 Kg6 95. Rh1 h4 96. Kf4 f5 97. exf6 Kf7
98. Rxh4 Ke8 99. g6 Kd7 100. Ke5 Kc6 101. Kxe6 Kb5 102. Kxd5 Kb4 103. Rb2+ Ka3
104. Kc4 Ka4 105. Rh3 Ka5 106. Ra3# {kyklop checkmated} 1-0

[Event "ICS rated blitz match"]
[Site "204.178.125.65"]
[Date "1999.09.02"]
[Round "?"]
[White "Hossa"]
[Black "ladygreen"]
[Result "1-0"]
[WhiteElo "2497"]
[BlackElo "2242"]
[PlyCount "99"]
[EventDate "1999.??.??"]

1. e4 c5 2. Nf3 d6 3. d4 cxd4 4. Qxd4 a6 5. Bc4 Nc6 6. Qd1 Nf6 7. Nc3 Bg4 8.
O-O Bxf3 9. Qxf3 Ne5 10. Qe2 Nxc4 11. Qxc4 e6 12. Bg5 Be7 13. Rad1 Qc8 14. Qa4+
Qc6 15. Bxf6 Qxa4 16. Nxa4 gxf6 17. Nb6 Rd8 18. Rd3 Rg8 19. Rfd1 Rg5 20. Nc4
Rc5 21. Ne3 b5 22. f4 Rdc8 23. g4 h5 24. b4 Rc3 25. gxh5 Kf8 26. Rxc3 Rxc3 27.
Rd3 Rc8 28. Ra3 Rc6 29. Kf2 Kg7 30. Kf3 Kh6 31. Kg4 Bd8 32. f5 Bb6 33. Rxa6 Rc3
34. Rxb6 Rxe3 35. Kf4 Re2 36. Rxd6 Rxc2 37. fxe6 fxe6 38. Rxe6 Rf2+ 39. Kg3
Rxa2 40. Rxf6+ Kxh5 41. Rf5+ Kg6 42. Rxb5 Re2 43. e5 Kf5 44. Rc5 Rb2 45. b5
Rb3+ 46. Kf2 Rb2+ 47. Ke3 Rxh2 48. Kd4 Rb2 49. Kd5 Rb1 50. Kc6 {
ladygreen resigns} 1-0

[Event "ICS rated blitz match"]
[Site "204.178.125.65"]
[Date "1999.09.10"]
[Round "?"]
[White "Hossa"]
[Black "lakerda"]
[Result "1-0"]
[WhiteElo "2458"]
[BlackElo "2329"]
[PlyCount "58"]
[EventDate "1999.??.??"]

1. e4 d6 2. d4 e5 3. dxe5 dxe5 4. Qxd8+ Kxd8 5. Nc3 Bd6 6. Bc4 Be6 7. Bxe6 fxe6
8. Nf3 Nf6 9. Ng5 Ke7 10. O-O Nc6 11. f3 Nd4 12. Rf2 Bc5 13. Be3 h6 14. Nh3 Bb6
15. Rd1 Rhd8 16. Kh1 Rd7 17. b3 Rad8 18. Na4 g5 19. Nxb6 axb6 20. Ng1 Nh5 21.
c3 Nb5 22. Rxd7+ Rxd7 23. c4 Nd4 24. Rd2 c5 25. Nh3 Nf4 26. Nf2 Rd8 27. Ng4 Kd6
28. Nxh6 Rf8 29. g3 29... Nh3 {lakerda resigns} 1-0

[Event "ICS rated blitz match"]
[Site "204.178.125.65"]
[Date "1999.09.03"]
[Round "?"]
[White "Hossa"]
[Black "lakerda"]
[Result "0-1"]
[WhiteElo "2609"]
[BlackElo "2292"]
[PlyCount "125"]
[EventDate "1999.??.??"]

1. e4 d6 2. d4 e5 3. dxe5 dxe5 4. Qxd8+ Kxd8 5. Bc4 Be6 6. Bxe6 fxe6 7. Nc3 Bd6
8. Be3 Nc6 9. O-O-O Nf6 10. Nh3 Ke7 11. f3 a6 12. Ng5 h6 13. Nh3 b5 14. g3 g5
15. Nf2 Rab8 16. Rhf1 a5 17. h4 gxh4 18. gxh4 Nh5 19. Kb1 Nf4 20. Rg1 b4 21.
Na4 Rhg8 22. Rgf1 h5 23. Rd2 Rg2 24. Rfd1 Rbg8 25. c4 bxc3 26. Nxc3 Rg1 27. b3
Rxd1+ 28. Ncxd1 Bb4 29. Rc2 Kd7 30. Bxf4 exf4 31. Nd3 e5 32. N1b2 Rg3 33. Nc4
Bd6 34. Rd2 Ke6 35. Nxd6 cxd6 36. a3 Rxf3 37. Kb2 Re3 38. b4 axb4 39. axb4 Nd4
40. Nxf4+ exf4 41. Rxd4 f3 42. Rd1 Rxe4 43. Kc3 Rxh4 44. b5 Kd7 45. Rd5 Rf4 46.
Rd1 f2 47. Rf1 Kc7 48. Kd3 Kb6 49. Ke3 Rf6 50. Kd3 Kxb5 51. Kd4 h4 52. Rb1+ Kc6
53. Rc1+ Kd7 54. Rf1 h3 55. Kc4 h2 56. Kb4 h1=Q 57. Rxh1 f1=Q 58. Rh7+ Rf7 59.
Rh4 Qe1+ 60. Kb3 Qxh4 61. Kc3 Rf3+ 62. Kc2 Qh2+ 63. Kd1 {Hossa resigns} 0-1